| 000 | 00393cam a2200157ua 4500 | ||
|---|---|---|---|
| 020 | _c2.50 | ||
| 041 |
_aeng _h |
||
| 082 |
_a922 _bMAH/TE |
||
| 100 | _aMahadevan, T M P . | ||
| 245 |
_aTen saints of India / _cT M P Mahadevan. _hTextual Documents |
||
| 260 |
_aMumbai : _bBharatiya Vidya Bhavan , _c1961. |
||
| 300 | _a147 ; . | ||
| 365 | _a2.50 | ||
| 942 | _cBK | ||
| 999 |
_c6281 _d6281 |
||